000 00785cab a2200265 4500
001 WB3335-39
008 090401t1997 xxu||||| |||| 00| 0 eng d
035 _a(Sirsi) u80747
041 _aeng
245 _aCareless words cost
260 _c1997
350 _a0
490 _aNegotiator
_v12(18) 5 September 1997, 5(1)
520 _aA property company is to pay £25,700 in compensation after misrepresenting a building to prospective tenants.
650 _aCAR REPAIR WORKSHOP
650 _aCOMPENSATION
650 _aLANDLORDS
650 _aMISREPRESENTATION
650 _aNEGLIGENT MISREPRESENTATION
650 _aPLANNING PERMISSION
650 _aWORKSHOP
690 _aMANAGEMENT-BUSINESS MANAGEMENT-PROFESSIONAL PRACTICE
942 _n0
948 _c09/09/1997
999 _c50841
_d50841